Catalog

Record Details

Catalog Search



Long time gone  Cover Image CD Audiobook CD Audiobook

Long time gone / Charlie Donlea.

Donlea, Charlie,: (author.). Leheny, Vivienne,: (narrator.).

Summary:

When DNA results reveal a disturbing connection to the mysterious disappearance of a famous baby nearly three decades ago, a forensic scientist is plunged into a dangerous search for answers. Thirty years ago, Baby Charlotte vanished. Today, she’s still in danger. When Dr. Sloan Hastings submits her DNA to an online genealogy site for a research assignment, her goal is to better understand the treasure-trove of genetic information contained on ancestry websites. Brilliant and driven, Sloan is embarking on a fellowship in forensic pathology, training under the renowned Dr. Livia Cutty. Sloan has one reservation about involving herself in the she’s adopted. Grateful for a loving home, she’s never considered tracking down her biological parents. The results of her search are shocking. Sloan’s DNA profile suggests her true identity is that of Charlotte Margolis, aka “Baby Charlotte”, who captured the nation’s attention when she mysteriously disappeared, along with her parents, in July 1995. Despite an exhaustive search, the family was never seen again, and no suspects were named in the case. Sloan’s discovery leads her to the small town of Cedar Creek, Nevada, the site of her disappearance. It also leads her to Sheriff Eric Stamos. The Margolis family’s influence and power permeate every corner of Harrison County, and Eric is convinced that in learning the truth about her past, Sloan can also help discover what happened to Eric’s father, who died under suspicious circumstances soon after he started investigating the case her disappearance.

Record details

  • ISBN: 9798892730969
  • ISBN: 9798892738477
  • Physical Description: 8 audio discs (9 hr., 20 min.) : CD audio, digital ; 4 3/4 in.
  • Edition: Unabridged.
  • Publisher: [Prince Frederick, Maryland] : Recorded Books, Inc., [2024]

Content descriptions

General Note:
Compact discs.
Participant or Performer Note:
Narrated by Vivienne Leheny.
Subject: Women forensic scientists > Fiction.
Family secrets > Fiction.
Sheriffs > Fiction.
Missing persons > Investigation > Fiction.
Murder > Fiction.
Nevada > Fiction.
Genre: Audiobooks.
Psychological fiction.
Thrillers (Fiction)

Available copies

  • 1 of 1 copy available at scottsboropl.

Holds

  • 0 current holds with 1 total copy.
Show Only Available Copies
Location Call Number / Copy Notes Barcode Shelving Location Status Due Date
scottsboropl BK/CD Don 32269001256208 Adult - Audiobook Available -

LDR 02504nim a22006377i 4500
001163824
003SBPL
00520240729110717.0
008240414s2024 mdunnnne f n eng d
007sd fsngnnmmned
020 . ‡a9798892730969 ‡q(sound recording ; ‡qBlackstone Library CD)
020 . ‡a9798892738477
035 . ‡a(OCoLC)1429866525
050 4. ‡aPS3604.O554
08204. ‡a813/.6 ‡223
1001 . ‡aDonlea, Charlie,: ‡eauthor.
24510. ‡aLong time gone / ‡cCharlie Donlea.
250 . ‡aUnabridged.
264 1. ‡a[Prince Frederick, Maryland] : ‡bRecorded Books, Inc., ‡c[2024]
300 . ‡a8 audio discs (9 hr., 20 min.) : ‡bCD audio, digital ; ‡c4 3/4 in.
336 . ‡aspoken word ‡bspw ‡2rdacontent
337 . ‡aaudio ‡bs ‡2rdamedia
338 . ‡aaudio disc ‡bsd ‡2rdacarrier
344 . ‡adigital ‡2rdatr
344 . ‡boptical ‡2rdarm
347 . ‡aaudio file ‡2rdaft
347 . ‡bCD audio
500 . ‡aCompact discs.
5110 . ‡aNarrated by Vivienne Leheny.
520 . ‡aWhen DNA results reveal a disturbing connection to the mysterious disappearance of a famous baby nearly three decades ago, a forensic scientist is plunged into a dangerous search for answers. Thirty years ago, Baby Charlotte vanished. Today, she’s still in danger. When Dr. Sloan Hastings submits her DNA to an online genealogy site for a research assignment, her goal is to better understand the treasure-trove of genetic information contained on ancestry websites. Brilliant and driven, Sloan is embarking on a fellowship in forensic pathology, training under the renowned Dr. Livia Cutty. Sloan has one reservation about involving herself in the she’s adopted. Grateful for a loving home, she’s never considered tracking down her biological parents. The results of her search are shocking. Sloan’s DNA profile suggests her true identity is that of Charlotte Margolis, aka “Baby Charlotte”, who captured the nation’s attention when she mysteriously disappeared, along with her parents, in July 1995. Despite an exhaustive search, the family was never seen again, and no suspects were named in the case. Sloan’s discovery leads her to the small town of Cedar Creek, Nevada, the site of her disappearance. It also leads her to Sheriff Eric Stamos. The Margolis family’s influence and power permeate every corner of Harrison County, and Eric is convinced that in learning the truth about her past, Sloan can also help discover what happened to Eric’s father, who died under suspicious circumstances soon after he started investigating the case her disappearance.
Sloly. ‡a, over the course of a stifling summer, Sloan begins getting to know her relatives. Though initially welcoming, the Margolis family is also mysterious and tight-lipped. Not everyone seems happy about Sloan’s return, or the questions she’s asking. And the more she and Eric learn, the more apparent it becomes that the answers they both seek are buried in a graveyard of Margolis family secrets that some will do anything to keep hidden—no matter who else has to die…
650 0. ‡aWomen forensic scientists ‡vFiction.
650 0. ‡aFamily secrets ‡vFiction.
650 0. ‡aSheriffs ‡vFiction.
650 0. ‡aMissing persons ‡xInvestigation ‡vFiction.
650 0. ‡aMurder ‡vFiction.
651 0. ‡aNevada ‡vFiction.
655 7. ‡aAudiobooks. ‡2lcgft
655 7. ‡aPsychological fiction. ‡2lcgft
655 7. ‡aThrillers (Fiction) ‡2lcgft
7001 . ‡aLeheny, Vivienne,: ‡enarrator.
901 . ‡a163824 ‡bAUTOGEN ‡c163824 ‡tbiblio

Additional Resources